| 000 | 00462nam a22001457a 4500 | ||
|---|---|---|---|
| 020 | _a9788180520754 | ||
| 040 | _cNUST | ||
| 082 | _a621.171 MUK | ||
| 100 |
_aMukhopadhyay, Madhujit _9112412 |
||
| 110 |
_aSheikh, Abdul Hamid _9112509 |
||
| 245 |
_aMatrix and Finite Element Analyses of Structures: _b(With Computer Programs in Both FORTRAN and C) |
||
| 260 |
_aNew Delhi: _bAne Books, _c2008. |
||
| 650 |
_aFinite Element Method.FEM _958876 |
||
| 942 |
_2ddc _cBK |
||
| 999 |
_c594796 _d594796 |
||